000 00829nmm a2200265 a 4500
001 ocm000656037
003 TR-IsHL
005 20201028141404.0
008 131226s1999 tu tur
007 cr cn
020 _a9789758257409
035 _a656037
_b(N$T)
050 0 4 _aQE537.2.T9
_bS55 1999
090 0 4 _aQE537.2.T9
_bS55 1999
100 1 _aSılay, Mehmet
245 1 0 _aYüzyılın depremi
_h[electronic resource] /
_cMehmet Sılay
260 _aİstanbul :
_bBirey Yayıncılık,
_c1999
300 _a176 p.
650 4 _aGenel Çalışmalar
650 4 _aGeneral Works
650 0 _aDepremler
_x Türkiye
650 0 _aEarthquakes
_x Turkey
650 7 _aNATURE / Earthquakes & Volcanoes
_2bisacsh
856 4 0 _uhttp://search.ebscohost.com/login.aspx?direct=true&scope=site&db=e011xww&AN=656037
999 _c7792
_d7792